The teacher from heck / (Record no. 21652)

MARC details
000 -LEADER
fixed length control field 02512nam a22004577a 4500
005 - DATE AND TIME OF LATEST TRANSACTION
control field 20090120140526.0
008 - FIXED-LENGTH DATA ELEMENTS--GENERAL INFORMATION
fixed length control field 090120t xxu||||| |||| 00| 0 eng d
010 ## - LCCN (DPL NO)
LC control number B-358822
020 ## - INTERNATIONAL STANDARD BOOK NUMBER
International Standard Book Number 0060788216
Terms of availability 250.00, $ 3.50 Rs. 179.00
020 ## - INTERNATIONAL STANDARD BOOK NUMBER
International Standard Book Number 9780060788216
Terms of availability 250.00, $ 3.50 Rs. 179.00
020 ## - INTERNATIONAL STANDARD BOOK NUMBER
International Standard Book Number 9780060788216
Terms of availability 250.00,
035 ## - SYSTEM CONTROL NUMBER
System control number B-358822
035 ## - SYSTEM CONTROL NUMBER
System control number B-335880-883
037 ## - SOURCE OF ACQUISITION
Source of stock number/acquisition Blueberry Books
040 ## - CATALOGING SOURCE
Original cataloging agency dpl
Language of cataloging English
082 ## - DEWEY DECIMAL CLASSIFICATION NUMBER
Classification number S
100 ## - MAIN ENTRY--PERSONAL NAME
Personal name Stine, R. L.
245 ## - TITLE STATEMENT
Title The teacher from heck /
Statement of responsibility, etc by R.L. Stine; illustrations by Trip Park
260 ## - PUBLICATION, DISTRIBUTION, ETC. (IMPRINT)
Place of publication, distribution, etc New York
Name of publisher, distributor, etc HarperCollins
Date of publication, distribution, etc 2006
270 ## - ADDRESS
Address 1350 Avenue of the America,
City New York
Postal code 10019
300 ## - PHYSICAL DESCRIPTION
Extent 105, 5p. :
Other physical details ill., map ;
Dimensions 21cm(Hb)
490 ## - SERIES STATEMENT
Series statement Rotten School ; 8
500 ## - GENERAL NOTE
General note "A Parachute Press Book."
520 ## - SUMMARY, ETC.
Summary, etc The Rotten School kids try to get rid of Mr. Skruloose, an extremely strict teacher.
650 ## - SUBJECT ADDED ENTRY--TOPICAL TERM
Topical term or geographic name as entry element Boarding schools
Form subdivision Juvenile fiction.
650 ## - SUBJECT ADDED ENTRY--TOPICAL TERM
Topical term or geographic name as entry element Slugs (Mollusks)
Form subdivision Juvenile fiction.
650 ## - SUBJECT ADDED ENTRY--TOPICAL TERM
Topical term or geographic name as entry element Dating (Social customs)
Form subdivision Juvenile fiction.
650 ## - SUBJECT ADDED ENTRY--TOPICAL TERM
Topical term or geographic name as entry element Boarding schools
Form subdivision Fiction.
650 ## - SUBJECT ADDED ENTRY--TOPICAL TERM
Topical term or geographic name as entry element Schools
Form subdivision Fiction.
650 ## - SUBJECT ADDED ENTRY--TOPICAL TERM
Topical term or geographic name as entry element Slugs (Mollusks)
Form subdivision Fiction.
650 ## - SUBJECT ADDED ENTRY--TOPICAL TERM
Topical term or geographic name as entry element Dating (Social customs)
Form subdivision Fiction.
700 ## - ADDED ENTRY--PERSONAL NAME
Personal name Park, Trip
942 ## - ADDED ENTRY ELEMENTS (KOHA)
Source of classification or shelving scheme Dewey Decimal Classification
Item type Children Books
Classification part S
Call number suffix STI
Holdings
Withdrawn status Lost status Source of classification or shelving scheme Damaged status Not for loan Collection code Home library Current library Date acquired Source of acquisition Cost, normal purchase price Total Checkouts Total Renewals Full call number Barcode Date last seen Cost, replacement price Koha item type Copy number
    Dewey Decimal Classification     Fiction Central Library Central Library 22/05/2010 Blueberry Books/5140/26.05.09/3/24.04.09/03.06.09 250.00 1 2 S STI B-335880 16/04/2024 250.00 Children Books 1
    Dewey Decimal Classification     Fiction Janak Puri Janak Puri 20/01/2009 Blueberry Books/5312/14.9.09/82/2.9.09/24.9.09 0.00 44 2 S STI B-358822 17/08/2024 0.00 Children Books  
    Dewey Decimal Classification     Fiction Jor Bagh (Children Lib) Jor Bagh (Children Lib) 22/05/2010 Blueberry Books/5140/26.05.09/3/24.04.09/03.06.09 250.00     S STI B-335882 22/05/2010 250.00 Children Books 1
    Dewey Decimal Classification     Fiction Sarojini Nagar Sarojini Nagar 22/05/2010 Blueberry Books/5140/26.05.09/3/24.04.09/03.06.09 250.00 8 2 S STI B-335881 18/03/2026 250.00 Children Books 1
    Dewey Decimal Classification     Fiction Vinoba Puri Vinoba Puri 22/05/2010 Blueberry Books/5140/26.05.09/3/24.04.09/03.06.09 250.00 12   S STI B-335883 19/02/2016 250.00 Children Books 1

© Delhi Public Library
Hit Counter
free hit counter